| 000 | 00000nam 2200000za 4500 |
| 001 | 9.590243 |
| 003 | CaOODSP |
| 005 | 20210624200031 |
| 007 | cr ||||||||||| |
| 008 | 150406s2002 xxc|||||o f|0| 0 eng d |
| 020 | |a0-662-66258-X |
| 040 | |aCaOODSP|beng |
| 041 | |aeng |
| 041 | |afre |
| 043 | |an-cn--- |
| 086 | 1 |aS52-2/249-2002-IN |
| 110 | 1 |aCanada. |bPublic Works and Government Services Canada. |bTranslation Bureau. |
| 245 | 10|aFinancial Information Strategy (FIS) glossary |h[electronic resource]. |
| 260 | |aOttawa : |bPublic Works and Government Services Canada, |c2002. |
| 300 | |a128 p. |
| 490 | 1 |aTerminology bulletin ; |vNo. 249 |
| 500 | |a"The Glossary, which contains approximately 800 entries and a number of observations, should be very useful for anyone called upon to translate a document for a department or an agency operating under the FIS."--Introd. This publication was listed in Weekly checklist 06-10. |
| 504 | |aBibliography. |
| 690 | 07|aTerminology|2gcpds |
| 690 | 07|aPersons with disabilities|2gcpds |
| 792 | |tLexique de la Stratégie d'information financière (SIF) |efre|w(CaOODSP)9.590244 |
| 830 | #0|aTerminology bulletin ;|vNo. 249|w(CaOODSP)9.500139 |
| 856 | 40|ahttp://publications.gc.ca|qPDF|s434 KB|uhttps://publications.gc.ca/collections/Collection/S52-2-249.pdf|yNo. 249 |